Wortgemisch - US Städte - Statistiken

Allgemein
  • Dieses Quiz wurde 335 mal gespielt
  • Das Durchschnittsergebnis liegt bei 8 aus 20
Antwortstatistiken
City % Korrekt
Miami
85%
Philadelphia
85%
Boston
81%
Atlanta
73%
Dallas
72%
Tampa
72%
Denver
71%
Detroit
66%
Phoenix
62%
Chicago
61%
Birmingham
58%
Houston
56%
Mesa
56%
Omaha
52%
Washington
48%
Mesa
47%
Cincinnati
46%
Milwaukee
46%
Dover
44%
Seattle
44%
Gary
40%
Orlando
39%
Cleveland
38%
Indianapolis
38%
Pittsburgh
38%
Tallahassee
32%
Flint
31%
Jackson
31%
Sacramento
31%
Baltimore
28%
Wichita
27%
Fargo
26%
Minneapolis
25%
Nashville
23%
Austin
21%
Portland
21%
Albany
20%
Jacksonville
19%
Richmond
16%
Raleigh
13%
Newark
12%
Tacoma
12%
Boulder
3%
Rochester
3%
Keine übereinstimmenden Quizze gefunden
Verteilung der Resultate
Anzahl Personen mit jedem Resultat
Perzentil nach korrekt beantworteten Fragen
Ihre Resultats-Entwicklung
Sie haben dieses Quiz noch nicht gespielt